Statistiche per I passi alpini

Clicka qui per fare il quiz!

Statistiche generali

  • Questo quiz è stato fatto 46 volte
  • Il punteggio medio è 6 su 17

Statistiche sulle risposte

Mette in comunicazionePasso/ColleAltezza s.l.m.% Corretto
Prato allo Stelvio (BZ) / Bormio (SO)Stelvio2.758
95%
Brennero (BZ) / Gries am Brenner (Austria)Brennero1.372
76%
Chiavenna (SO) / Splügen (Svizzera)Spluga2.117
47%
Ponte di Legno (BS) / Valfurva (SO)Gavia2.618
42%
Aosta / Martigny (Svizzera)Gran San Bernardo2.473
39%
Canazei (TN) / Arabba (BL)Pordoi2.239
39%
Bonneville sur Arc (Francia) / Val d'Isère (Francia)Iseran2.770
37%
Cortina (BL) / Selva di Cadore (BL)Giau2.236
29%
Monno (BS) / Mazzo di Valtellina (SO)Mortirolo1.852
29%
La Thuile (AO) / Bourg Saint Maurice (FranciaPiccolo San Bernardo2.188
29%
Cortina (BL) / Pieve di Livinallongo (BL)Falzarego2.109
24%
Canazei (TN) / Rocca Pietore (BL)Fedaia2.057
24%
Cesana Torinese (TO) / Briançon (Francia)Monginevro1.860
21%
Moena (TN) / Falcade (BL)San Pellegrino1.918
21%
Airolo (Svizzera) / Andermatt (Svizzera)San Gottardo2.106
16%
Mesocco (Svizzera) / Nufenen (Svizzera)San Bernardino2.065
11%
San Leonardo in Passiria (BZ) / Vipiteno (BZ)Monte Giovo2.094
3%

Distribuzione punteggi

Percentile per numero di risposta

Percentuale di utenti per punteggio

I tuoi punteggi nel tempo

Non hai fatto questo quiz